000 00412pab a2200157 454500
008 180718b2011 xxu||||| |||| 00| 0 eng d
100 _aAbdel-Hamid, Tarek K.
245 _aSingle-loop project controls: Reigning paradigms of straitjackets?
260 _c2011
300 _ap.17-30.
362 _aFeb
650 _aProject management
773 _aProject Management Journal
908 _aN
909 _a92356
999 _c92356
_d92356